• 首页
  • 本馆介绍
  • 公告通知
  • 最新文献
  • 馆藏检索
  • 电子资源
  • 读者导购
  • 参考咨询
  • 我的图书馆
  • 登录
  • 详细信息显示
  • 放入我的书架
  • 预约/预借图书
  • 作者相关作品
  • 分类相关作品
  • 丛书相关作品
  • 出版社相关作品

书目信息

  • 表格格式
  • 工作单格式
  • 卡片格式
书名: Infection control and management of hazardous materials for the dental team
作者: Chris H. Miller, Charles John Palenik.
分册号:
分册名:
出版地: St. Louis :
 
出版社: Mosby
出版时间: c1998.
页数: vii, 362 p. :
开本: 24 cm.
丛书名:
中图分类号:
科图分类号:
其他分类号: R781.1
主题词:
电子资源:
000 01377pam a2200385 a 450
001 E0738666481
005 20070429104645.25
008 980217s1998 moua b 001 0 eng c
010    @a98013526
020    @a081515688X.
035    @A(DLC) 98013526
040    @aDNLM/DLC@cDLC@dDLC
050 10 @aRK52@b.M46 1998
060 10 @aWU 29 M6467i 1998
082 00 @a617.6/0028/9@2 21
090    @aR781.1
099    @dR781.1@ex34=2
100 1  @aMiller, Chris H.
245 10 @aInfection control and management of hazardous materials for the dental team / @cChris H. Miller, Charles John Palenik.
250    @a2nd ed.
260    @aSt. Louis :@bMosby,@cc1998.
300    @avii, 362 p. :@bill. ;@c24 cm.
504    @aIncludes bibliographical references and index.
650  0 @aCross infection@xPrevention.
650  0 @aDentistry@xSafety measures.
650 22 @aWaste Management@xmethods.
650  0 @aDental offices@xSanitation.
650 22 @aCross Infection@xprevention & control.
650 12 @aInfection Control, Dental@xmethods.
650 22 @aDental Waste.
650  0 @aHazardous substances@xSafety measures.
700 1  @aPalenik, Charles John.
906    @a7@bcbc@corignew@d1@eocip@f19@gy-gencatlg
920    @aDO NOT ACQUIRE
955    @apc05 to nlm 02-18-98; yn05 to ASCD 02-23-98; jc15 02-25-98; jc03 02-25-98; CIP ver. jf05 to sl 03/12/99
    
    Infection control and management of hazardous materials for the dental team / / Chris H. Miller, Charles John Palenik.-2nd ed.-St. Louis : : Mosby, , c1998.
    vii, 362 p. : : ill. ; ; 24 cm.
    Includes bibliographical references and index.
    
    ISBN 081515688X.
    
●
相关链接 在E读中查询图书 在五车中查询图书 在当当中查询图书 在豆瓣中查询图书


正题名:Infection control and management of hazardous materials for the dental team     索取号:R781.1/x34=2         预约/预借

序号 登录号 条形码 馆藏地/架位号 状态 备注
1 6457   300064579   第二样本阅览室/ [索取号:R781.1/x34=2] 在馆    
唐山师范学院图书馆 欢迎您!
大连网信软件有限公司© 版权所有